01180 a2200181 45000010006000000050017000060080041000230030015000640400040000790800039001192450034001580200018001922500012002102640080002223000019003025050655003211000022009761550320260407155450.0260407a1973 arg spa dAR-UNSa-BCEJYS aAR-UNSa-BCEJYSbspacAR-UNSa-BCEJYS a657.6xAuditoria (control interno)10aManual de auditoría interna a968-438-578-1 a2a. ed. 1aMéxico :bUnión Tipográfica Editorial Hispano-Americana (UTEHA)c1973 a355 p.c23 cm. a1. Oficina de auditoría interna - 2. Disposiciones comunes - 3. Auditor general - 4. Subauditor general - 5. Auditores de distrito - 6. Auditor auxiliar - 7. Designación - 8. Programa - 9. Equipo de trabajo - 10. Etapa inicial - 11. Horarios de trabajo - 12. Papeles de trabajo - 13. Papeles de trabajo (conclusión) - 14. Marcas de revisión - 15. Abreviaturas - 16. Observaciones - 17. Etapa final - 18. Informes - 19. Informes (continuación) - 20. Informes (continuación) - 21. Informes (conclusiòn) - 22. Memorandos - 23. Control de costos - 24. Controles administrativos - 25. Instrucciones reglamentarias - 26. Disposiciones finales1 aBacon, Charles A.